000 00703nam a2200253Ia 4500
003 OSt
005 20220918193210.0
006 a|||||r|||| 00| 0
007 ta
008 220917b |||||||| |||| 00| 0 eng d
024 _a72,239
037 _cTextual
040 _aARTS
_cARTS
_beng
041 _2eng
_aeng
082 _aR4122, M8
100 _aSolomon Robert C
245 0 _aContinental philosophy since 1750
_b the rise and fall of the self
260 _aOxford
_bOxford University Press
_c1988
300 _aviii,214p.
_ccm.
500 _aBib 207-10p; Includes index
650 _aETHICS
942 _hR4122, M8
_cTEXL
_2CC
999 _c198243
_d198243